000 00831nam a2200193 a 4500
001 000979772
003 AM-YeHGA
005 20250617150213.0
008 130829s1861 ||| r 000 0 rus d
040 _aAM-YeHGA
041 0 _arus
100 1 _aПопов, Нил
245 1 0 _aВ.Н. Татищев и его время :
_bЭпизод из истории государственной, общественной и частной жизни в России, первой половины прошедшего столетия /
_c[Соч.] Нила Попова.
260 _aМосква
_fТип. В. Грачева и комп.
_c1861.
300 _a803 с.
600 1 4 _aТатищев, Василий Никитич
653 0 _aЭкономическая история - Россия, 19 в.
090 _c328317
999 _c326569
_d326569